000 01773nam0a2200325 4500
001 RU\NLR\BIBL_A\011486118
005 20240921171520.0
010 _a9785994822661
_9100
021 _aRU
_b2017-63952
_94533
035 _a(RuMoRGB)009374275
035 _a(NLR Aleph) 011486118
090 _a11921038
_c11921038
100 _a20171002d2016 u y0rusy50 ca
101 0 _arus
102 _aRU
105 _aa|||zzzz000zy
200 1 _aОценка эффективности маркетинговых проектов
_eучебно-методическое пособие для студентов направления подготовки 38.04.02 "Менеджмент", магистерская программа "Маркетинг"
_fО. С. Пескова, Т. Б. Борискина, С. И. Матющенко
_gМинистерство образования и науки Российской Федерации, Волгоградский государственный технический университет
210 _aВолгоград
_cВолгГТУ
_d2016
215 _a98, [2] с.
_cил., табл.
_d21
320 _aБиблиогр. в конце кн. (24 назв.)
606 1 _aМаркетинг
_jУчебные издания для высших учебных заведений
_xЭффективность
_92142941
_3RU\NLR\AUTH\661595965
686 _aУ9(2)421.0-36-07я73-14
_2rubbk
686 1 _aУ9(2)-361.4я73
700 1 _aПескова
_bО. С.
_gОльга Сергеевна
701 1 _aБорискина
_bТ. Б.
_gТатьяна Борисовна
701 1 _aМатющенко
_bС. И.
_gСветлана Ивановна
942 _cBOOK
980 _aNBR